Hlasy zločinu : kriminální kauzy, které otřásly Českem

Korporativní autor: Televize Prima
Jazyk: Čeština
Vydáno: Praha : Mafra, a.s., 2024-2025
Témata:
Fyzický popis: 2 svazky ; 27 cm
Odebírané ročníky: 2024-25
Noviny a časopisy
Uloženo v:
LEADER 01457nas a2200433 i 4500
001 cps20243645570
003 CZ PrNK
005 20250909113519.0
007 ta
008 241129d20242025xr qr p 0 b0cze
015 |a cnb003645570 
022 |a 3029-6285 
035 |a (OCoLC)1477942765 
040 |a ABA001  |b cze  |d BOA001  |e rda 
043 |a e-xr--- 
072 7 |a 343.9  |x Kriminalistika  |2 Konspekt  |9 16 
080 |a 343.3/.7  |2 MRF 
080 |a (437.3)  |2 MRF 
080 |a (051)379.8  |2 MRF 
210 0 |a Hlasy zločinu 
222 0 |a Hlasy zločinu 
245 0 0 |a Hlasy zločinu :  |b kriminální kauzy, které otřásly Českem 
264 1 |a Praha :  |b Mafra, a.s.,  |c 2024-2025 
300 |a 2 svazky ;  |c 27 cm 
310 |a 4x ročně 
336 |a text  |b txt  |2 rdacontent 
337 |a bez média  |b n  |2 rdamedia 
338 |a svazek  |b nc  |2 rdacarrier 
362 0 |a Ročník 1, číslo 1 (25. září 2024)-ročník 2, číslo 2 (2025) 
500 |a Spolupráce při vydávání: FTV Prima, agentura Solootions 
541 |c pv 
650 0 7 |a kriminální případy  |7 ph121958  |z Česko  |2 czenas 
655 7 |a časopisy pro volný čas  |7 fd133952  |2 czenas 
710 2 |a Televize Prima  |7 kn20030311019  |4 isb 
910 2 |a BOA001  |b 06011-1497.643  |r 2024-25 
990 |a SE 
995 |a 01 
991 |b 202501 
996 6 |b 2611007981  |c 06011-1497.643  |d 2024-25 1-2  |v 2024-25  |i 1-2  |y 2024,2025  |l MZK  |r DEP / do 15 dnů  |n 0  |p p.v.  |w 001996138  |u 000010  |a 240  |e BOA001  |j MZK50  |s P